1230 1406 1953 1930 1617 1725 1068 1088 1162 1607 1361 1559 1527 1633 1076 1608 1576 1457 1600 1962 1121 1499 1030 1489 1792 1309 1602 1926 1046 1224 1003 1429 1847 1107 1271 1664 1755 1583 1750 1979 1168 1694 1155 1899 1177 1324 1955 1760 1639 1248 1937 1303 1074 1476 1958 1364 1741 1896 1677 1098 1918 1034 1176 1674 1662 1726 1834 1288 1916 1731 1218 1000 1153 1856 1691 1685 1377 1480 1514 1369 1076 1773 1124 1818 1826 1915 1645 1003 1811 1629 1814 1109 1033 1745 1744 1722 1208 1730 1556 BCNSPRNW ULIB Ver.6.0+V

เปลี่ยนเป็นภาษาไทย

Change to English
 แสดงรายละเอียดบรรณานุกรม
  กลับหน้าหลัก

Brief Record : Get Marc (ISO 2709) : E-mail record : QR code < ปิดหน้าต่าง
LEADER : 00000nas 2200000uu 4500
001    13399123200
003     ULIB
008    020711s|||| th a 000 0 tha d
022    08582599
110    ชมรมควบคุมโรคติดเชื้อในโรงพยาบาลแห่งประเทศไทย
245    จุลสารชมรมควบคุมโรคติดเชื้อในโรงพยาบาลแห่งประเทศไทย /^cชมรมควบคุมโรคติดเชื้อในโรงพยาบาลแห่งประเทศไทย
260    กรุงเทพฯ :^bชมรมควบคุมโรคติดเชื้อในโรงพยาบาลแห่งประเทศไทย,^cม.ป.ป.
310    ^aรายสี่เดือน
850    ^aปีที่ 24 ฉบับที่ 1
945    ^p0^l0^i800930
999    ^aทศพร เกษรทอง
รายการนี้ยังไม่มีแท็ก
คุณยังไม่ได้ล็อกอิน คุณสามารถมีกิจกรรมร่วมกับเว็บไซต์ได้ แต่ต้องล็อกอินก่อน ::
  ล็อกอิน

รายการสื่อสารสนเทศ (วารสาร)

ดูแบบ: กล่อง รายการ
ARRIVED
ปีที่ 24 ฉบับที่ 1
สถานที่: ห้องสมุดวิทยาเขตนครสวรรค์ >วารสาร

BibComment


ยังไม่เคยถูกคอมเมนท์

คอมเมนท์ทรัพยากรรายการนี้
  คอมเมนท์: จุลสารชมรมควบคุมโ..


 Copyright 2026. Bcnsprnw @Library